ბათუმის შოთა რუსთაველის სახელმწიფო უნივერსიტეტის ბიბლიოთეკა

სამრეწველო ობიექტის კალენდარული დაგეგმვა და ვარიანტული გაანგარიშების მაგალითები.ნაწ.1 (ბიბ.ჩანაწერი № 39025)

000 -LEADER
fixed length control field 00892nam a2200217Ia 4500
001 - CONTROL NUMBER
control field 5536
003 - CONTROL NUMBER IDENTIFIER
control field GE_BSU
008 - FIXED-LENGTH DATA ELEMENTS--GENERAL INFORMATION
fixed length control field 181216s||||||||xx |||||||||||||| ||und||
040 ## - CATALOGING SOURCE
Transcribing agency GE_BSU
080 ## - UNIVERSAL DECIMAL CLASSIFICATION NUMBER
Universal Decimal Classification number 658.512:724.4
100 ## - MAIN ENTRY--PERSONAL NAME
Personal name ბიჭიაშვილი,ჯ.
245 ## - TITLE STATEMENT
Title სამრეწველო ობიექტის კალენდარული დაგეგმვა და ვარიანტული გაანგარიშების მაგალითები.ნაწ.1
245 ## - TITLE STATEMENT
Remainder of title დამხმ. სახელმძღ.
245 ## - TITLE STATEMENT
Statement of responsibility, etc. რედ. ლ.გიორგაძე.
260 ## - PUBLICATION, DISTRIBUTION, ETC.
Place of publication, distribution, etc. თბილისი
260 ## - PUBLICATION, DISTRIBUTION, ETC.
Name of publisher, distributor, etc. სპი.
260 ## - PUBLICATION, DISTRIBUTION, ETC.
Date of publication, distribution, etc. 1979.
300 ## - PHYSICAL DESCRIPTION
Extent 103გვ; 20სმ.
653 ## - INDEX TERM--UNCONTROLLED
Uncontrolled term სამრეწველო ობიექტის კალენდარული დაგეგმვა.
942 ## - ADDED ENTRY ELEMENTS (KOHA)
Koha item type წიგნი
ეგზემპლარები
Withdrawn status Lost status Damaged status Not for loan Date acquired Barcode Date last seen Price effective from Koha item type
        2018-12-17 12241 2018-12-17 2018-12-17 წიგნი
        2018-12-17 12242 2018-12-17 2018-12-17 წიგნი
        2018-12-17 12243 2018-12-17 2018-12-17 წიგნი